Welcome to CU Library Online Public Access Catalogue (OPAC)

Philosophy and Technology (Record no. 8106)

MARC details
000 -LEADER
fixed length control field 00497nam a22001457a 4500
005 - DATE AND TIME OF LATEST TRANSACTION
control field 20251105181011.0
008 - FIXED-LENGTH DATA ELEMENTS--GENERAL INFORMATION
fixed length control field 251105b |||||||| |||| 00| 0 eng d
050 ## - LIBRARY OF CONGRESS CALL NUMBER
Classification number T14
Item number .M55
245 ## - TITLE STATEMENT
Title Philosophy and Technology
Remainder of title readings in the philosophical problems of technology
Statement of responsibility, etc. edited, Carl Mitcham & Robert Mackey
260 ## - PUBLICATION, DISTRIBUTION, ETC.
Place of publication, distribution, etc. New York
-- London
Name of publisher, distributor, etc. The Free Press
-- Collier-Macmillan Limited
Date of publication, distribution, etc. 1972
300 ## - PHYSICAL DESCRIPTION
Extent ix. 399p.
Dimensions 24cm
700 ## - ADDED ENTRY--PERSONAL NAME
Personal name Mitcham, Carl
700 ## - ADDED ENTRY--PERSONAL NAME
Personal name Mackey, Robert
942 ## - ADDED ENTRY ELEMENTS (KOHA)
Source of classification or shelving scheme Library of Congress Classification
Koha item type Books
Suppress in OPAC No
999 ## -
-- 8106
-- 8106
Holdings
Withdrawn status Lost status Source of classification or shelving scheme Damaged status Not for loan Collection Home library Current library Shelving location Date acquired Total checkouts Full call number Barcode Date last seen Copy number Price effective from Koha item type
    Library of Congress Classification     Non-fiction Science Library (Miotso) Science Library (Miotso) General stacks 11/05/2025   T14 .M55 PHI SLM00005466 11/05/2025 1 11/05/2025 Books
© 2023-2024 Copyright: Central University Libraries. All Rights Reserved | Created by: Mahone Tech Office